Name the title tracks of the Most Popular K-pop Girl Groups - Statistics

General Stats
  • This quiz has been taken 221 times
    148 since last reset
  • The average score is 116 of 487
Answer Stats
Answer % Correct
BOOMBAYAH
96%
FLOWER
94%
Kill This Love
90%
LALISA
90%
WHISTLE
90%
You & Me
90%
APT. (with Bruno Mars)
88%
MONEY
88%
SOLO
88%
On The Ground
84%
AS IF IT'S YOUR LAST
83%
How You Like That
82%
Pink Venom
82%
Rockstar
82%
DDU-DU DDU-DU
81%
earthquake
78%
PLAYING WITH FIRE
77%
TT
75%
Gone
74%
Lovesick Girls
74%
Mantra
74%
STAY
74%
ZEN
74%
Shut Down
73%
DALLA DALLA
70%
POP!
68%
WANNABE
68%
What Is Love?
68%
ELEVEN
65%
I AM
65%
ICY
64%
Queencard
64%
After LIKE
62%
BATTER UP
62%
toxic till the end
62%
CHEER UP
60%
LATATA
60%
New Woman (feat. ROSALIA)
60%
SHEESH
60%
SNEAKERS
60%
Like OOH-AHH
58%
Not Shy
58%
ABCD
57%
ExtraL
57%
FEARLESS
57%
number one girl
57%
O.O
57%
Happiness
56%
Love Dive
56%
Love Hangover (with Dominic Fike)
56%
TOMBOY
56%
ANTIFRAGILE
55%
Black Mamba
55%
CAKE
55%
Fxck Up The World
55%
Mafia In The Morning
55%
Zimzalabim
55%
DRIP
53%
LOCO
53%
MORE & MORE
53%
Nxde
53%
Easy
52%
FANCY
52%
Kitsch
52%
like JENNIE
52%
Crazy
51%
Queendom
51%
YES or YES
51%
Cosmic
49%
Dance The Night Away
49%
Monster
49%
Smart
49%
Whiplash
49%
Armageddon
48%
HWAA
48%
I CAN'T STOP ME
48%
Klaxon
48%
Oh my god
48%
Run Away
48%
GOLD
47%
LIKEY
47%
Psycho
47%
Supernova
47%
Cheshire
45%
Ice Cream Cake
45%
Peek-A-Boo
45%
Russian Roulette
45%
Super Lady
45%
Alcohol-Free
44%
Bad Boy
44%
HANN (Alone)
44%
HEYA
44%
Killin' Me Good
44%
La Vie en Rose
44%
Moonlit Floor (Kiss Me)
44%
Red Flavor
44%
UNFORGIVEN
44%
Drama
43%
Feel Special
43%
Imaginary Friend
43%
LION
43%
SIGNAL
43%
UNTOUCHABLE
43%
28 Reasons
42%
DICE
42%
Hello
42%
KNOCK KNOCK
42%
LIKE THAT
42%
Next Level
42%
Sticky
42%
The Feels
42%
Dumb Dumb
40%
Eve, Psyche & The Bluebeard's Wife
40%
Girls
40%
Igloo
40%
Savage
40%
Spicy
40%
ASAP
39%
BORN TO BE
39%
FOREVER
39%
HIP
39%
Mr. Vampire
39%
Secret Story of the Swan
39%
Stuck In The Middle
39%
Baddie
38%
FREAK
38%
ONE SPARK
38%
Senorita
38%
Talk That Talk
38%
Teddy Bear
38%
Uh-Oh
38%
Born Again (with Doja Cat, Raye)
36%
DREAM
36%
DUN DUN
36%
Heart Shaker
36%
Midas Touch
36%
SCIENTIST
36%
Umpah Umpah
36%
Wife
36%
Do not touch
35%
Gee
35%
Panorama
35%
Violeta
35%
Allergy
34%
Feel My Rhythm
34%
FIESTA
34%
FIRE
34%
KNOCK
34%
Like A Flower
34%
Maria
34%
Perfect Night
34%
SET ME FREE
34%
Sugarcoat
34%
Accendio
32%
Be Natural
32%
Birthday
32%
Chill Kill
32%
Forever
32%
I AM THE BEST
32%
Love Me Like This
32%
Naughty
32%
Boys Like You
31%
SMILEY (feat. Bibi)
31%
DUMDİ DUMDİ
30%
MOONLIGHT SUNRISE
30%
Oh!
30%
Rookie
30%
Automatic
29%
Bon Bon Chocolat
29%
CLIK CLAK
29%
Dreams Come True
29%
Drive
29%
Ice Cream
29%
Into The New World
29%
Off The Record
29%
RBB (Really Bad Boy)
29%
SWIPE
29%
Impurities
27%
Power Up
27%
SO BAD
27%
STEREOTYPE
27%
Welcome To MY World
27%
Adios
26%
CRY FOR ME
26%
DASH
26%
I GOT YOU
26%
LA DI DA
26%
Like Water
26%
NEMONEMO
26%
Pirate
26%
Really Like You
26%
SLAY
26%
Wish You Hell
26%
XOXO
26%
ZOMBIE
26%
Either Way
25%
I DO
25%
Merry & Happy
25%
RUN2U
25%
Shhh
25%
Bad News
23%
Ditto
23%
Identity
23%
I Want That
23%
Marshmallow
23%
New Jeans
23%
OMG
23%
Attention
22%
BEAUTIFUL MONSTER
22%
ETA
22%
GPT
22%
HELLO BITCHES
22%
How Sweet
22%
Sonar (Breaker)
22%
The Best Thing I Ever Did
22%
WAVE
22%
Young, Dumb, Stupid
22%
All Night
21%
ASAP
21%
BET ON ME
21%
Better Things
21%
Bubble
21%
Bubble Gum
21%
DUMB DUMB
21%
Genie
21%
Hype Boy
21%
None of My Business
21%
One Of These Nights
21%
Super Shy
21%
First
19%
Girls' Generation
19%
GLASSY
19%
gogobebe
19%
Life's Too Short
19%
Love In My Heart
19%
POPPY
19%
See that?
19%
The Boys
19%
BIRTHDAY
18%
Cookie
18%
Hurt
18%
I Love My Body
18%
İ'M THE TREND
18%
NEW LOOK
18%
Run Devil Run
18%
Tell Me
18%
TWIT
18%
Zero
18%
AYA
17%
Cheeky Icy Thang
17%
Cool With You
17%
Egotistic
17%
Get Loud
17%
Hate Rodrigo (feat. Yuqi)
17%
Kitty Cat
17%
NA
17%
Nobody Knows
17%
BEAM BEAM
16%
Countdown
16%
D-D-DANCE
16%
FOREVER 1
16%
I WANT
16%
Mr. Ambiguous
16%
Starry Night
16%
Underwater
16%
Fast Forward
14%
Gashina
14%
I GOT A BOY
14%
Je T'aime
14%
Lion Heart
14%
Party O'Clock
14%
R.E.M
14%
Beautiful Christmas (with Red Velvet)
13%
Bouquet
13%
Bubble Pop!
13%
Door
13%
Play Love Games
13%
Roller Coaster
13%
Dingga
12%
Glitch
12%
GOODBYE
12%
I (feat. Verbal Jint)
12%
Mr. Mr.
12%
Snapping
12%
To. X
12%
Bye My Neverland
10%
COME BACK HOME
10%
DESSERT (feat. Loopy, Soyeon)
10%
Funky Glitter Christmas
10%
Gotta Go
10%
Hoot
10%
HUSH RUSH
10%
ILLELLA
10%
INVU
10%
LIT
10%
Roller Coaster
10%
SMARTPHONE
10%
TAXI
10%
Wind Flower
10%
11:11
9%
Buenos Aires
9%
Catch Me If You Can
9%
Don't
9%
Fine
9%
I DON'T CARE
9%
Lil' Touch
9%
Love War (feat. BE'O)
9%
MR. TAXI
9%
Piano Man
9%
Suki to Iwasetai
9%
THE BADDEST FEMALE
9%
Baby Baby
8%
Decalcomanie
8%
Gold Gold Gold
8%
HONEY
8%
I'm Not Cool
8%
Kissing You
8%
LOLLIPOP (with Bigbang)
8%
NOBODY
8%
So Hot
8%
Vampire
8%
What You Waiting For
8%
Why
8%
You Think
8%
All Night
6%
Bicycle
6%
Chili
6%
C.I.T.T (Cheese in the trap)
6%
Colors
6%
Holiday
6%
Holler
6%
I'm Ready
6%
Irony
6%
LET'S DANCE
6%
Love Shhh!
6%
Love U
6%
MEOW
6%
PAPARAZZI
6%
PARTY
6%
PLAY
6%
POP! POP!
6%
Rain
6%
TAIL
6%
Twinkle
6%
Why Don't You Know (feat. Nucksal)
6%
You're The Best
6%
24 hours
5%
Beautiful Christmas (with aespa)
5%
Be My Baby
5%
Beware
5%
Dancing Queen
5%
FLOWER POWER
5%
Good Morning
5%
Heroine
5%
I LOVE YOU
5%
I'm a B
5%
Killing Me
5%
LONELY
5%
mumumumuch
5%
Sparkling
5%
Strategy (with Megan Thee Stallion)
5%
Um Oh Ah Yeh
5%
water color
5%
Weekend
5%
Anymore
4%
CAN'T NOBODY
4%
Dream of You
4%
EENIE MEENIE
4%
FALLING IN LOVE
4%
Four Seasons
4%
GOTTA BE YOU
4%
I Just Wanna Dance
4%
KISS
4%
Mystery
4%
Noir
4%
SABOTAGE
4%
Siren
4%
Spark
4%
Spit it out
4%
Stay Tonight
4%
The Flash
4%
UGLY
4%
When This Rain Stops
4%
Where Are We Now
4%
Why So Lonely
4%
WICKED LOVE
4%
You can't sit with us
4%
CLAP YOUR HANDS
3%
D-DAY
3%
DEEP
3%
DNA
3%
Eclipse
3%
FOLLOW ME
3%
GALAXY SUPERNOVA
3%
In The Mood
3%
Lip & Hip
3%
Loveable
3%
LUNATIC
3%
Magnetic Moon
3%
Make Me Happy
3%
pporappippam
3%
Second (feat. Bibi)
3%
SELFISH (feat. SEULGI)
3%
Sober (feat. Ummet Ozcan)
3%
YOU AND I
3%
Balloon in Love
1%
Can't Control Myself
1%
Chocolate love
1%
Dear Me
1%
Dear Santa
1%
DO YOU LOVE ME
1%
EASY
1%
Full Moon
1%
Fxxked Up
1%
GO AWAY
1%
HAPPY
1%
HATE YOU
1%
Heart Burn
1%
Heaven
1%
LOVE&GIRLS
1%
Nabillera
1%
Picture
1%
Something New
1%
Way To Go
1%
What Do I Call You
1%
2 Different Tears
0%
Absence
0%
Algorithm
0%
ALL MY LOVE IS FOR YOU
0%
BAD GIRL
0%
Badster
0%
Be Yourself
0%
Born Again
0%
CHANGE
0%
dangdang
0%
DON'T CRY
0%
Don't Say No
0%
DON'T STOP THE MUSIC
0%
FLOWER SHOWER
0%
G999 (feat. Mirani)
0%
#GirlsSpkOut
0%
Good bye
0%
GOOD GIRL
0%
Go or Stop?
0%
HaHaHa Song
0%
Heartbreak Hotel (feat. Simon Dominic)
0%
How's this?
0%
I Feel You
0%
I Got Love
0%
I'm all ears
0%
Into You
0%
IT HURTS
0%
It's not love
0%
LALALAY
0%
Like Money (feat. Akon)
0%
Like this
0%
Lips On Lips
0%
magnolia
0%
Make Me Love You
0%
MISSING YOU
0%
My Oh My
0%
OMG (Oh My God)
0%
Over My Skin
0%
RED
0%
Retro Romance
0%
Runaway
0%
Run For Your Life
0%
Run & Run
0%
Sleigh
0%
Starlight (feat. DEAN)
0%
Stay
0%
STRANGER
0%
Stupid
0%
Summer Night
0%
Take it
0%
Teach you
0%
The DJ Is Mine
0%
There Goes Santa Claus
0%
This Christmas
0%
This time
0%
Time Machine
0%
TOUCHIN&MOVIN
0%
VOICE
0%
Wannabe (feat. San E)
0%
When I Get Old (with Christopher)
0%
When The Wind Blows
0%
When We Disco (feat. J.Y.Park)
0%
No matching quizzes found
Score Distribution
Percent of People with Each Score
Percentile by Number Answered
Your Score History
You have not taken this quiz since the last reset